000 00685cam a22002413a 4500
001 905
003 PGUSA
005 20140828082954.0
008 970501s1997||||xxu|||||s|||||000 1 eng d
040 _aPGUSA
_beng
042 _adc
050 4 _aPS
100 1 _aDana, Marvin,
_d1867-
245 1 0 _aWithin the Law :
_bFrom the Play of Bayard Veiller
_h[electronic resource] /
_cMarvin Dana
260 _bProject Gutenberg,
_c1997
506 _aPublic domain in the USA.
516 _aElectronic text
653 _aDetective and mystery stories
653 _aRevenge -- Fiction
830 0 _aProject Gutenberg
_v905
856 4 0 _uhttp://www.gutenberg.org/ebooks/905
942 _cEB
999 _c230256
_d230256